Quick Pick: A Quiz Walks Into A Bar Stats

Quiz Updated Mar 27, 2016

Challenge
Share
Tweet
Embed
Score 0/10 Timer 01:30
8 Plays Today
% Correct
One was a salted.
92.1%
He has to leave because he's under 21.
91%
Someone asks, 'Why the long face?'
87.9%
They won't serve him because he'll be driving later.
85.9%
They had to leave because they were minors.
85.8%
You'd think the second guy would have seen it.
82.4%
He was dyslexic.
82%
'Ouch', he says.
77.2%
He asks for a beer and a mop.
72.6%
He was allergic to bees (b's).
53.1%

Today's Daily Dose

Missing Word
For Dummies Books

Word Ladder
Ariana Grande

Quick Pick
1970s Authors

On This Day
June 21st II

You're not logged in!

Compare scores with friends on all Sporcle quizzes.
Join for Free
OR
Log In

You Might Also Like...

Show Comments

Extras

Top Quizzes Today


Score Distribution

Your Account Isn't Verified!

In order to create a playlist on Sporcle, you need to verify the email address you used during registration. Go to your Sporcle Settings to finish the process.

Report this User

Report this user for behavior that violates our Community Guidelines.

Details: